000 01002njm a22002777a 4500
005 20100913100347.0
007 sd ammalaaahaa
008 100913t xxu||||| |||| 00| 0 hin d
028 _aWPS. 21449
_bLiberty
035 _aGR-02960
040 _aSED/VEN
100 _aRavi Shankar
_919606
245 _aIn san francisco Part 1 & 2 /
_cby Ravi Shankar
_h[sound recording] :
246 _aइन सन फ्रांसिस्को (रवि शंकर)
260 _aDum Dum, India
_bLiberty
_cn.d.
300 _a1 sound disc [Gramophone record] :
_banalog, 33. 1/3 rpm
_c12 in. (LP)
_fGramophone record
500 _aBrief record.
500 _aLiberty
500 _aBlack
505 _aPart 1 Raga Bhupal Todi (Ravi Shankar) Part 2 Dhun (A morning raga in sindhi-bhairavi)
650 _aClassical Music
_xExcerpts
_zIndia
_919607
_vRaga
700 _920331
700 _920379
942 _2ddc
_cGR
999 _c46280
_d46280